000 00357 a2200157 4500
001 74241
020 _a857208472X
040 _cAnchieta - Colégio São Paulo
100 _aJosé, Elias
240 1 0 _aMágica terra brasileira
_lpor
245 1 0 _aMágica terra brasileira
300 _a37
362 0 _a2006
650 4 _aLiteratura juvenil
942 _cBK
999 _c74241
_d74241